[Event "Challenge"]
[Site "http://www.queenalice.com/game.php?id=246472"]
[Date "2007.7.27"]
[Round "-"]
[White "Jomaley"]
[Black "R_Jasinski"]
[Result "0-1"]
[WhiteElo "1459"]
[BlackElo "1638"]

1. e3 c5 2. Bc4 d5 3. Be2 e5 4. c3 Qg5 5. g3 Bd6 6. Bb5+ Nc6 7. Bxc6+ bxc6 8.
Nf3 Qe7 9. Qa4 Bd7 10. c4 e4 11. Nh4 Nf6 12. Nc3 O-O 13. a3 d4 14. exd4 cxd4 15.
Na2 c5 16. Qc2 d3 17. Qc3 Be5 18. Qa5 Bd4 19. h3 Qe6 20. Nc3 Qxc4 0-1

[Event "Challenge"]
[Site "http://www.queenalice.com/game.php?id=246478"]
[Date "2007.7.27"]
[Round "-"]
[White "valmir"]
[Black "R_Jasinski"]
[Result "0-1"]
[WhiteElo "1231"]
[BlackElo "1522"]

1. e4 e5 2. Bc4 Nf6 3. g4 Nxe4 4. Qe2 d5 5. Bb5+ c6 6. Ba4 Bd6 7. Nh3 b5 8. Bb3
Nd7 9. Qe3 Ndf6 10. Ng5 Nxg4 11. Qf3 Qxg5 12. Rg1 Qf6 13. Qxf6 Nexf6 14. c3 Nxh2
15. Bd1 O-O 16. Rg2 e4 17. a4 Ba6 18. Na3 bxa4 19. Nc2 Nh5 20. Bxh5 g6 21. Bd1
Nf3+ 22. Bxf3 exf3 23. Rg4 Rfe8+ 24. Kd1 Be2+ 25. Ke1 Re5 26. Raxa4 Bb5+ 27.
Rae4 dxe4 28. Nd4 Rh5 29. Rg1 Bh2 30. Rg4 Bf4 31. Rxf4 Rh1# 0-1

[Event "AUTO-OPEN-760"]
[Site "http://www.queenalice.com/game.php?id=246515"]
[Date "2007.7.27"]
[Round "1"]
[White "ayrton"]
[Black "R_Jasinski"]
[Result "0-1"]
[WhiteElo "1884"]
[BlackElo "1611"]

1. e4 e5 2. Nf3 c6 3. Nxe5 Nf6 4. Bc4 d5 5. exd5 cxd5 6. Qe2 Be7 7. Bb5+ Nbd7 8.
d4 O-O 9. Bg5 Qb6 10. Bxf6 Bxf6 11. Nxd7 Bxd7 12. Bxd7 Qxb2 13. O-O Qxa1 14. c3
Rad8 15. Qc2 Rxd7 16. Na3 Qxf1+ 17. Kxf1 Re7 18. Qb3 Rfe8 19. Nc2 Re6 20. Qxd5
Kh8 21. Qxb7 Rb6 22. Qxb6 axb6 23. Ne3 Ra8 24. d5 Bxc3 25. d6 b5 26. Ke2 Rxa2+
27. Kd3 Ba5 28. Nc2 b4 29. d7 b3 30. Nb4 Rxf2 31. Kc3 b2 0-1

[Event "AUTO-OPEN-760"]
[Site "http://www.queenalice.com/game.php?id=246516"]
[Date "2007.7.27"]
[Round "1"]
[White "R_Jasinski"]
[Black "ayrton"]
[Result "1-0"]
[WhiteElo "1647"]
[BlackElo "1857"]

1. e4 e5 2. Nf3 Nc6 3. Bc4 Be7 4. O-O b6 5. Bd5 a5 6. Nc3 Bf6 7. a3 Nge7 8. d4
Nxd5 9. Nxd5 Nxd4 10. Nxf6+ Qxf6 11. Nxd4 exd4 12. e5 Qh4 13. f4 c5 14. f5 f6
15. exf6 Qxf6 16. Re1+ Kd8 17. Qf3 Ra7 18. Qg3 h6 19. Bf4 Rg8 20. Bd6 Re8 21.
Rxe8+ Kxe8 22. Re1+ Kf7 23. Re7+ Kg8 24. Re8+ Kh7 25. Rf8 Qg5 26. Qxg5 hxg5 27.
Rxc8 Rb7 28. g4 a4 29. Be7 d6 30. Bxg5 b5 31. Bf4 Rd7 32. g5 g6 33. f6 c4 34.
Re8 Rf7 35. Re7 Kg8 36. Re8+ Kh7 37. Bxd6 d3 38. cxd3 cxd3 39. Bb4 Rd7 40. Re7+
1-0

[Event "AUTO-OPEN-760"]
[Site "http://www.queenalice.com/game.php?id=246555"]
[Date "2007.7.27"]
[Round "1"]
[White "R_Jasinski"]
[Black "CVEIGA15"]
[Result "0-1"]
[WhiteElo "1626"]
[BlackElo "1688"]

1. e4 e5 2. Nf3 Nc6 3. c3 Bc5 4. d4 exd4 5. cxd4 Bb4+ 6. Nc3 h6 7. d5 Nce7 8.
Qd4 Bxc3+ 9. bxc3 Nf6 10. Bc4 O-O 11. O-O d6 12. e5 dxe5 13. Qxe5 Nexd5 14. Bxd5
Qxd5 15. Qxc7 Bg4 16. Ne5 Rac8 17. Qe7 Rfe8 18. Qa3 Qxe5 19. Qxa7 Rcd8 20. f3
Bc8 21. Bb2 Qe2 22. Rf2 Rd1+ 23. Rxd1 Qxd1+ 24. Rf1 Re1 0-1

[Event "AUTO-OPEN-760"]
[Site "http://www.queenalice.com/game.php?id=246556"]
[Date "2007.7.27"]
[Round "1"]
[White "CVEIGA15"]
[Black "R_Jasinski"]
[Result "1-0"]
[WhiteElo "1654"]
[BlackElo "1626"]

1. c4 e5 2. Nc3 Nf6 3. Nf3 e4 4. Ng5 Qe7 5. Qc2 e3 6. dxe3 h6 7. Nf3 Qe6 8. b3
Nc6 9. a3 Bc5 10. b4 Be7 11. g3 O-O 12. Bg2 Qxc4 13. O-O d6 14. Nd2 Qe6 15. Bb2
a6 16. b5 axb5 17. Nxb5 Bd8 18. Bxf6 Qxf6 19. Bxc6 bxc6 20. Qxc6 Ra6 21. Qc4 Be6
22. Qd3 1-0

[Event "Challenge"]
[Site "http://www.queenalice.com/game.php?id=249094"]
[Date "2007.8.1"]
[Round "-"]
[White "R_Jasinski"]
[Black "valmir"]
[Result "1-0"]
[WhiteElo "1573"]
[BlackElo "1227"]

1. b4 e5 2. Bb2 Qe7 3. e4 f6 4. b5 g6 5. Nf3 a6 6. a4 Qb4 7. Ra3 Qxb2 8. Rb3 Qa2
9. Nc3 Qxb3 10. cxb3 axb5 11. Nxb5 Na6 12. Bc4 c6 13. Nc3 Nb4 14. O-O h5 15. Nh4
Rh6 16. Bxg8 g5 17. Nf5 Rg6 18. Qxh5 Kd8 19. Qxg6 d6 20. Qxf6+ Ke8 21. Bf7+ Kd7
22. Be6+ Kc7 23. Qxf8 Kb6 24. Bxc8 Nd3 25. a5+ Kc5 26. Qxd6# 1-0

[Event "Challenge"]
[Site "http://www.queenalice.com/game.php?id=249665"]
[Date "2007.8.2"]
[Round "-"]
[White "R_Jasinski"]
[Black "backnine"]
[Result "1-0"]
[WhiteElo "1673"]
[BlackElo "1626"]

1. b4 Nf6 2. Bb2 d6 3. Nf3 e5 4. d4 e4 5. Nfd2 d5 6. f3 e3 7. Nb3 Bxb4+ 8. Nc3
Bxc3+ 9. Bxc3 O-O 10. Qd3 Re8 11. Bb2 c6 12. Bc1 Qe7 13. c3 b6 14. Rb1 Ba6 15.
Qf5 c5 16. dxc5 bxc5 17. Ba3 Nbd7 18. g4 Rab8 19. Bg2 Bc4 20. h4 Bxb3 21. axb3
Qe5 22. Qxe5 Rxe5 23. g5 Nh5 24. Bh3 Ng3 25. Rg1 Nf5 26. f4 Re4 27. Bxf5 Nb6 28.
Bxe4 dxe4 29. Bxc5 Nd5 30. Bxa7 Rb7 31. Ra1 Nxc3 32. Bd4 Nd5 33. Ra8+ 1-0

[Event "Challenge"]
[Site "http://www.queenalice.com/game.php?id=252260"]
[Date "2007.8.7"]
[Round "-"]
[White "AuntieRenie"]
[Black "R_Jasinski"]
[Result "1-0"]
[WhiteElo "1503"]
[BlackElo "1663"]

1. c4 e5 2. Nc3 Nf6 3. d4 exd4 4. Qxd4 Nc6 5. Qe3+ Be7 6. b3 O-O 7. Nf3 Re8 8.
Bb2 Nb4 9. Qd2 d5 10. a3 dxc4 11. axb4 cxb3 12. Nd4 Bxb4 13. e3 Ne4 14. Qd3 Nxc3
15. Bxc3 Bxc3+ 16. Qxc3 c6 17. Rb1 c5 18. Qxc5 b6 19. Qc3 Bb7 20. Nf5 f6 21.
Qxb3+ Bd5 22. Bc4 Bxc4 23. Qxc4+ Kh8 24. O-O Rc8 25. Qa6 Qd7 26. Ng3 Rc5 27.
Rfd1 Qg4 28. Qxa7 Rb5 29. h3 Qc4 30. Qd7 Rbe5 31. Nf1 b5 32. Qd8 h6 33. Qd2 Kh7
34. Qd3+ Qxd3 35. Rxd3 Rb8 36. Nd2 Kg6 37. Nf3 Re6 38. Rdb3 Rd6 39. Rxb5 Rxb5
40. Rxb5 Rd1+ 41. Kh2 h5 42. Nh4+ Kh6 43. f4 1-0

[Event "Challenge"]
[Site "http://www.queenalice.com/game.php?id=253950"]
[Date "2007.8.10"]
[Round "-"]
[White "R_Jasinski"]
[Black "Tonto"]
[Result "0-1"]
[WhiteElo "1671"]
[BlackElo "1861"]

1. e4 e5 2. Nf3 d6 3. c3 a6 4. d4 Nd7 5. dxe5 dxe5 6. Bc4 Ngf6 7. Ng5 Nxe4 8.
Nxe4 h6 9. Qf3 Qe7 10. Nbd2 b5 11. Bd5 Rb8 12. O-O Bb7 13. Bxb7 Rxb7 14. b4 Rb6
15. Qd3 c5 16. bxc5 Nxc5 17. Nxc5 Qxc5 18. Ne4 Qc7 19. Be3 Rc6 20. f4 Be7 21.
fxe5 O-O 22. Bf4 Qd8 23. Qe3 Qd7 24. Rf3 Bd8 25. Rg3 Bb6 26. Qxb6 Rxb6 27. Nc5
Qf5 28. Be3 Rg6 29. Rxg6 Qxg6 30. Rd1 Qc2 31. Rd2 Qxc3 32. Kf2 Qxe5 33. h3 Re8
34. Re2 Rd8 35. Nxa6 Qf6+ 36. Ke1 Qxa6 0-1

[Event "Challenge"]
[Site "http://www.queenalice.com/game.php?id=253951"]
[Date "2007.8.10"]
[Round "-"]
[White "Nyvang"]
[Black "R_Jasinski"]
[Result "1-0"]
[WhiteElo "1702"]
[BlackElo "1713"]

1. g3 e5 2. Bg2 d5 3. b3 Nf6 4. Bb2 Nc6 5. Nf3 d4 6. d3 Bb4+ 7. c3 dxc3 8. Bxc3
Bxc3+ 9. Nxc3 O-O 10. O-O Nd4 11. Nxe5 Re8 12. Nc4 c6 13. e3 Nf5 14. Ne4 b5 15.
Nxf6+ Qxf6 16. Na5 Bd7 17. Rc1 Rac8 18. Rc5 Re6 19. d4 Qd8 20. b4 Nd6 21. Nxc6
Bxc6 22. Bxc6 Nc4 23. d5 Rd6 24. Rxb5 Rcxc6 25. e4 a6 26. Rc5 Rxc5 27. bxc5 Rf6
28. Qd4 Na5 29. e5 Rg6 30. d6 Nc6 31. Qe4 Qd7 32. Rb1 Re6 33. f4 f6 34. Rb6 Nd8
35. Qd5 Kf7 36. f5 fxe5 37. fxe6+ Qxe6 38. Qxe6+ Nxe6 39. Rb7+ Kf6 40. c6 e4 41.
c7 1-0

[Event "Challenge"]
[Site "http://www.queenalice.com/game.php?id=253952"]
[Date "2007.8.10"]
[Round "-"]
[White "clicador"]
[Black "R_Jasinski"]
[Result "1-0"]
[WhiteElo "1506"]
[BlackElo "1626"]

1. e4 e5 2. Bc4 Nc6 3. Qf3 Nf6 4. Nh3 Be7 5. d3 Nd4 6. Qd1 d5 7. Bxd5 Nxd5 8.
exd5 Qxd5 9. O-O Bxh3 10. gxh3 Nf3+ 11. Kh1 Ne1+ 12. f3 Nxf3 13. Qxf3 Qe6 14.
Nc3 O-O 15. Nd5 Bd6 16. Rg1 1-0

[Event "Algum brasileiro?"]
[Site "http://www.queenalice.com/game.php?id=253953"]
[Date "2007.8.10"]
[Round "-"]
[White "R_Jasinski"]
[Black "MarcosT"]
[Result "1-0"]
[WhiteElo "1717"]
[BlackElo "1720"]

1. e4 Nc6 2. d4 d5 3. Bb5 Bd7 4. exd5 Nb4 5. Bxd7+ Qxd7 6. c4 O-O-O 7. a3 Na6 8.
Nf3 f6 9. O-O e5 10. dxe5 fxe5 11. Nxe5 Qf5 12. f4 Bc5+ 13. Kh1 Nb8 14. b4 Bd6
15. Bb2 Rf8 16. Nd2 Nh6 17. c5 Bxe5 18. Bxe5 Ng4 19. Nc4 h5 20. Bxg7 Rfg8 21.
Bxh8 Rxh8 22. d6 cxd6 23. Nxd6+ 1-0

[Event "Challenge"]
[Site "http://www.queenalice.com/game.php?id=253955"]
[Date "2007.8.10"]
[Round "-"]
[White "WelintonMaia"]
[Black "R_Jasinski"]
[Result "1-0"]
[WhiteElo "1627"]
[BlackElo "1733"]

1. e4 e5 2. d4 exd4 3. Qxd4 Nc6 4. Qd1 Bc5 5. Nf3 Nf6 6. e5 Ng4 7. Be3 Bxe3 8.
fxe3 Nxe3 9. Qd3 Nxf1 10. Rxf1 Nb4 11. Qc3 a5 12. a3 Nd5 13. Qd4 c6 14. Nc3 Nxc3
15. Qxc3 O-O 16. O-O-O b5 17. Qc5 f6 18. e6 Re8 19. Rfe1 Re7 20. Nd4 Qe8 21. Qd6
dxe6 22. Nxc6 Rd7 23. Rxe6 Qxe6 24. Qxe6+ Kf8 25. Rxd7 Bxd7 26. Qxd7 Re8 27.
Nxa5 1-0

[Event "Challenge"]
[Site "http://www.queenalice.com/game.php?id=254121"]
[Date "2007.8.11"]
[Round "-"]
[White "spawnwolfwolverine"]
[Black "R_Jasinski"]
[Result "0-1"]
[WhiteElo "1664"]
[BlackElo "1687"]

1. d4 c6 2. e4 d5 3. e5 c5 4. Bb5+ Bd7 5. Bxd7+ Nxd7 6. Nf3 cxd4 7. Qxd4 e6 8.
O-O Bc5 9. Qc3 Rc8 10. Qb3 Qc7 11. Bf4 Ne7 12. c3 O-O 13. Nbd2 Ng6 14. g3 Ndxe5
15. Bxe5 Nxe5 16. Nxe5 Qxe5 17. Nf3 Qc7 18. Qc2 e5 19. Ng5 e4 20. b4 Be7 21. h4
h6 22. Nh3 f5 23. f4 Qxc3 24. Qxc3 Rxc3 25. Kg2 Bxb4 26. Rab1 a5 27. Kg1 Rxg3+
28. Kf2 Rxh3 29. Ke2 Rh2+ 30. Kd1 Rd2+ 31. Kc1 Rc8# 0-1

[Event "Challenge"]
[Site "http://www.queenalice.com/game.php?id=254123"]
[Date "2007.8.11"]
[Round "-"]
[White "R_Jasinski"]
[Black "spawnwolfwolverine"]
[Result "1-0"]
[WhiteElo "1704"]
[BlackElo "1631"]

1. e4 e5 2. Nf3 d6 3. Bc4 Bg4 4. h3 Bh5 5. Nc3 Nc6 6. Nxe5 Nxe5 7. Bb5+ c6 8.
Bxc6+ bxc6 9. Qxh5 g6 10. Qe2 Bg7 11. d4 Nd7 12. Bf4 d5 13. exd5+ Ne7 14. d6 O-O
15. dxe7 Qe8 16. exf8=Q+ Nxf8 17. O-O-O Qxe2 18. Nxe2 Re8 19. Rhe1 Ne6 20. Be5
a5 21. Bxg7 Kxg7 22. Nf4 Kf6 23. Nxe6 fxe6 24. f4 Rb8 25. g4 h5 26. g5+ Kf5 27.
Re5+ Kxf4 28. Rxa5 Kg3 29. Ra3+ Kf4 30. h4 Kg4 31. Rh1 Rb4 32. c3 Rb5 33. Ra6
Rf5 34. Rxc6 e5 35. dxe5 Rxe5 36. Rxg6 Re3 37. Rd6 Rh3 38. Rxh3 Kxh3 39. g6 Kxh4
40. g7 Kg3 41. g8=Q+ Kf3 42. Rf6+ Ke4 43. Qe6+ Kd3 44. Rf3# 1-0